000 00487nam a2200181Ia 4500
003 LK-CoDNM
008 010623t1991 xxu||||| |||| 00| 1 sin d
040 _aLK-CoDNM
_dLK-CoDNM
_eLK-CoDNM
041 _asin
080 _a159.9 GNA
100 _aGnanasiri,Sugathamuni.
245 _aඅධි මානසික විද්‍යාව
246 _aAdhi Maanasika Vidyawa
260 _bSarasavi
_aNugegoda
_c1991
300 _bx,71p., 18 cm
650 _aPsychology
942 _cBK
999 _c115090
_d115090